[Event "Hamedan op"]
[Site "Hamedan"]
[Date "2017.08.17"]
[Round "9"]
[White "Poormosavi, Seyed Kian"]
[Black "Kazemiyan Eski, Abolfazl"]
[Result "0-1"]
[WhiteElo "2161"]
[BlackElo "2095"]
[PlyCount "94"]
[EventDate "2017.08.12"]
[EventType "swiss"]
[EventRounds "11"]
[EventCountry "IRI"]
[SourceTitle "CBM 180 Extra"]
[Source "ChessBase"]
[SourceDate "2017.10.06"]
[SourceVersion "1"]
[SourceVersionDate "2017.10.06"]
[SourceQuality "1"]

1. e4 e5 2. Nf3 Nc6 3. Bb5 a6 4. Ba4 Nf6 5. 0-0 b5 6. Bb3 Be7 7. Re1 Bb7 8. d4 d6 9. c3 0-0 10. Nbd2 Re8 11. Ng5 Rf8 12. Nf1 Na5 13. Bc2 Re8 14. Ng3 Bf8 15. a4 c5 16. axb5 axb5 17. d5 Qc7 18. Nh5 Nxh5 19. Qxh5 h6 20. Nf3 b4 21. g4 bxc3 22. bxc3 c4 23. Rb1 Ba6 24. Be3 Reb8 25. Qh4 Qe7 26. g5 Rxb1 27. Bxb1 g6 28. Qg3 h5 29. Nd2 Nb3 30. f4 exf4 31. Bxf4 Nxd2 32. Bxd2 Bg7 33. Bf4 h4 34. Qf3 Bb7 35. Bd2 Bc8 36. Qf1 Qd7 37. Qf4 h3 38. Qf3 Rb8 39. Bc2 Rb2 40. Rc1 Qa7+ 41. Qf2 Qa2 42. Be1 Bd7 43. Qe2 Ba4 44. Qg4 Rxc2 45. Rxc2 Qxc2 46. Qxh3 Qxe4 47. Qc8+ Qe8 0-1

[Event "Arak op 15th"]
[Site "Arak"]
[Date "2016.08.16"]
[Round "8"]
[White "Pilvaieh, Ali"]
[Black "Kazemiyan Eski, Abolfazl"]
[Result "0-1"]
[WhiteElo "2192"]
[BlackElo "2058"]
[PlyCount "86"]
[EventDate "2016.08.11"]
[EventType "swiss"]
[EventRounds "11"]
[EventCountry "IRI"]
[SourceTitle "CBM 173 Extra"]
[Source "ChessBase"]
[SourceDate "2016.08.29"]
[SourceVersion "1"]
[SourceVersionDate "2016.08.29"]
[SourceQuality "1"]

1. e4 e5 2. Bc4 Nf6 3. d3 c6 4. Nf3 d5 5. Bb3 Bd6 6. Qe2 0-0 7. Bg5 Nbd7 8. Nbd2 h6 9. Bh4 Qb6 10. g4 Nh7 11. g5 Nc5 12. gxh6 g6 13. Rg1 a5 14. exd5 Nxb3 15. axb3 cxd5 16. Ng5 Bf5 17. Qf3 Qd4 18. Nge4 Bxe4 19. dxe4 Qxb2 20. Rb1 Qxc2 21. Qf5 Qc7 22. Bf6 Rfe8 23. Rxg6+ fxg6 24. Qxg6+ Kf8 25. Bg7+ Ke7 26. Qxh7 Kd8 27. Qf5 Qd7 28. Qg5+ Kc7 29. Rc1+ Kb6 30. h7 Qh3 31. exd5 Bb4 32. Qe3+ Qxe3+ 33. fxe3 Rh8 34. Bxh8 Rxh8 35. Ke2 Rxh7 36. Nc4+ Kc5 37. e4 Kd4 38. Kf3 Rf7+ 39. Kg3 Kxe4 40. Rd1 b5 41. Nb6 Bc5 42. Re1+ Kd3 43. Rxe5 Bd6 0-1

[Event "Arak op 15th"]
[Site "Arak"]
[Date "2016.08.15"]
[Round "7"]
[White "Kazemiyan Eski, Abolfazl"]
[Black "Shamsi, Mohammadhossein"]
[Result "1-0"]
[WhiteElo "2058"]
[BlackElo "2230"]
[PlyCount "73"]
[EventDate "2016.08.11"]
[EventType "swiss"]
[EventRounds "11"]
[EventCountry "IRI"]
[SourceTitle "CBM 173 Extra"]
[Source "ChessBase"]
[SourceDate "2016.08.29"]
[SourceVersion "1"]
[SourceVersionDate "2016.08.29"]
[SourceQuality "1"]

1. e4 c5 2. Nf3 d6 3. d4 cxd4 4. Nxd4 Nf6 5. Nc3 a6 6. Be2 e5 7. Nb3 Be7 8. 0-0 Be6 9. Be3 Nbd7 10. Kh1 Rc8 11. f4 Qc7 12. Rc1 Nb6 13. Nd2 0-0 14. f5 Bd7 15. g4 h6 16. Rg1 d5 17. g5 hxg5 18. Bxg5 d4 19. Bh6 Ne8 20. Rxg7+ Kh8 21. Rg3 Bxf5 22. exf5 Qc6+ 23. Nce4 Qxh6 24. Qf1 Rg8 25. Rh3 Bh4 26. Nf3 Rg4 27. Nxe5 Rg7 28. Nf3 Rg4 29. Ne5 Rg7 30. Qe1 Rh7 31. Nxf7+ Kg7 32. Nxh6 Bxe1 33. Rxe1 Nd5 34. Rg1+ Kf8 35. Ng5 Rh8 36. Ne6+ Ke7 37. Ng8+ 1-0

[Event "Arak op 15th"]
[Site "Arak"]
[Date "2016.08.12"]
[Round "3"]
[White "Kazemiyan Eski, Abolfazl"]
[Black "Soozankar, Amir Mohammad"]
[Result "0-1"]
[WhiteElo "2058"]
[BlackElo "2334"]
[PlyCount "56"]
[EventDate "2016.08.11"]
[EventType "swiss"]
[EventRounds "11"]
[EventCountry "IRI"]
[SourceTitle "CBM 173 Extra"]
[Source "ChessBase"]
[SourceDate "2016.08.29"]
[SourceVersion "1"]
[SourceVersionDate "2016.08.29"]
[SourceQuality "1"]

1. c4 e5 2. Nc3 Nc6 3. e3 Nf6 4. Nf3 d5 5. cxd5 Nxd5 6. d3 Be6 7. Be2 Be7 8. a3 0-0 9. 0-0 f5 10. Qc2 Nb6 11. b4 Bf6 12. Bb2 Qd7 13. Rac1 Qf7 14. Qb1 Rac8 15. Qa1 Rfe8 16. Bd1 Rcd8 17. Na4 e4 18. Bxf6 Qxf6 19. Qxf6 gxf6 20. Nxb6 exf3 21. Na4 fxg2 22. Kxg2 Rxd3 23. Nc5 Bd5+ 24. Bf3 Bxf3+ 25. Kxf3 Rxa3 26. Kf4 Nxb4 27. Kxf5 b6 28. Nd7 Ra5+ 0-1

[Event "Asian Schools-ch U15 12th Blitz"]
[Site "Tehran"]
[Date "2016.07.16"]
[Round "6.1"]
[White "Fendereski, Nima"]
[Black "Kazemiyan Eski, Abolfazl"]
[Result "1-0"]
[WhiteElo "2277"]
[BlackElo "1890"]
[PlyCount "99"]
[EventDate "2016.07.16"]
[EventType "swiss"]
[EventRounds "9"]
[EventCountry "IRI"]
[SourceTitle "EXT 2024"]
[Source "ChessBase"]
[SourceDate "2023.10.10"]
[SourceVersion "1"]
[SourceVersionDate "2023.10.10"]
[SourceQuality "1"]

1. e4 e5 2. Nf3 Nc6 3. Nc3 Nf6 4. Bb5 d6 5. d4 exd4 6. Nxd4 Bd7 7. Bxc6 bxc6 8. 0-0 Be7 9. Qf3 0-0 10. h3 Re8 11. b3 Rb8 12. Bb2 Bf8 13. Rfe1 g6 14. Rad1 Bg7 15. e5 Nd5 16. Nxd5 cxd5 17. Qxd5 Bxe5 18. Ba1 Bg7 19. c4 Qh4 20. Nc6 Bxc6 21. Qxc6 Rxe1+ 22. Rxe1 Bxa1 23. Qxc7 Bd4 24. Qxb8+ Kg7 25. Rf1 Qf4 26. Qb7 Be5 27. g3 Qf5 28. Kg2 Qc2 29. a4 a5 30. Qf3 h5 31. h4 Bc3 32. Qd5 Qxb3 33. Qxd6 Qxa4 34. Qd3 Bf6 35. Rc1 Qc6+ 36. Kg1 a4 37. c5 Bb2 38. Rc2 a3 39. Qc4 Qe6 40. Qf1 Bd4 41. Qb1 Qd5 42. c6 Qd8 43. c7 Qc8 44. Qb4 a2 45. Qxd4+ Kh7 46. Rxa2 Qxc7 47. Ra7 Qc1+ 48. Kh2 Kg8 49. Qf6 Qc4 50. Ra8+ 1-0

[Event "Asian Schools-ch U15 12th Blitz"]
[Site "Tehran"]
[Date "2016.07.16"]
[Round "8.2"]
[White "Kazemiyan Eski, Abolfazl"]
[Black "Vakhidov, Daler"]
[Result "1/2-1/2"]
[WhiteElo "1890"]
[BlackElo "2087"]
[PlyCount "109"]
[EventDate "2016.07.16"]
[EventType "swiss"]
[EventRounds "9"]
[EventCountry "IRI"]
[SourceTitle "EXT 2024"]
[Source "ChessBase"]
[SourceDate "2023.10.10"]
[SourceVersion "1"]
[SourceVersionDate "2023.10.10"]
[SourceQuality "1"]

1. e4 c5 2. d4 cxd4 3. c3 d3 4. Bxd3 Nc6 5. c4 g6 6. f4 Bg7 7. Nf3 d6 8. Nc3 Nf6 9. 0-0 0-0 10. h3 Bd7 11. Be3 Rc8 12. Rc1 b6 13. b3 Ne8 14. Bb1 Nc7 15. Kh1 Ne6 16. g4 Nc5 17. Nd5 e6 18. Nc3 Qe7 19. Qd2 Rfd8 20. f5 Be8 21. g5 Bxc3 22. Qxc3 exf5 23. Bxc5 dxc5 24. exf5 Nd4 25. Rce1 Qb7 26. Kg1 Qc7 27. Ne5 Nc6 28. fxg6 hxg6 29. Ng4 Nd4 30. Ne5 Rd6 31. Ng4 Bc6 32. Nf6+ Kg7 33. Qe3 Re6 34. Qc3 Rd6 35. Ng4 Rh8 36. Qg3 Rd7 37. Ne5 Re7 38. Qf4 Ne6 39. Qf6+ Kg8 40. Bxg6 Rxh3 41. Bxf7+ Rxf7 42. Qxf7+ Qxf7 43. Rxf7 Nxg5 44. Rf5 Rh1+ 45. Kf2 Ne4+ 46. Ke2 Ng3+ 47. Kf2 Rxe1 48. Nxc6 Nxf5 49. Kxe1 a5 50. Kd2 Kf7 51. Nb8 Ke6 52. Nc6 Kd6 53. Na7 Nd4 54. Kc3 Kc7 55. a4 1/2-1/2

[Event "Asian Schools-ch 12th U15"]
[Site "Tehran"]
[Date "2016.07.15"]
[Round "7.2"]
[White "Kazemiyan Eski, Abolfazl"]
[Black "Fendereski, Nima"]
[Result "0-1"]
[WhiteElo "2102"]
[BlackElo "2159"]
[PlyCount "70"]
[EventDate "2016.07.11"]
[EventType "swiss"]
[EventRounds "9"]
[EventCountry "IRI"]
[SourceTitle "EXT 2024"]
[Source "ChessBase"]
[SourceDate "2023.10.10"]
[SourceVersion "1"]
[SourceVersionDate "2023.10.10"]
[SourceQuality "1"]

1. c4 c5 2. Nc3 Nc6 3. g3 g6 4. Bg2 Bg7 5. Nf3 d6 6. 0-0 e6 7. a3 Nge7 8. Rb1 0-0 9. b4 b6 10. e3 Bb7 11. d4 Rc8 12. Ne2 cxb4 13. axb4 a5 14. Ba3 axb4 15. Bxb4 Nxb4 16. Rxb4 Nc6 17. Ra4 Na5 18. Nd2 Ba6 19. d5 Bxc4 20. dxe6 Bxe6 21. Nf4 b5 22. Nxe6 fxe6 23. Rb4 Qd7 24. Ne4 Nc4 25. Ng5 Rf5 26. h4 h6 27. Ne4 d5 28. g4 Rf7 29. Ng3 Qe7 30. Rxb5 Qxh4 31. Qe2 Ne5 32. Rb4 h5 33. Rfb1 Nxg4 34. Nh1 Qh2+ 35. Kf1 Rc2 0-1

[Event "Mashhad Ferdowsi op 6th"]
[Site "Mashhad"]
[Date "2016.02.03"]
[Round "7"]
[White "Polyakov, Maxim"]
[Black "Kazemiyan Eski, Abolfazl"]
[Result "1/2-1/2"]
[WhiteElo "2444"]
[BlackElo "2093"]
[PlyCount "89"]
[EventDate "2016.01.29"]
[EventType "swiss"]
[EventRounds "9"]
[EventCountry "IRI"]
[SourceTitle "CBM 170 Extra"]
[Source "ChessBase"]
[SourceDate "2016.02.25"]
[SourceVersion "1"]
[SourceVersionDate "2016.02.25"]
[SourceQuality "1"]

1. d4 g6 2. Nf3 Bg7 3. c3 d5 4. Bg5 Nf6 5. e3 Ne4 6. Bh4 0-0 7. Nbd2 Nd6 8. Be2 c6 9. 0-0 Nd7 10. b4 Nf5 11. Bg3 Nxg3 12. hxg3 e5 13. Nxe5 Nxe5 14. dxe5 Bxe5 15. Rc1 a5 16. b5 c5 17. c4 d4 18. Nf3 Bg7 19. exd4 cxd4 20. c5 Bf5 21. Bd3 Bg4 22. Be4 Rb8 23. c6 bxc6 24. Bxc6 Qd6 25. Qa4 Bxf3 26. gxf3 h5 27. Kg2 Qc7 28. Qc4 Qd6 29. Rfd1 Rfd8 30. Rd3 h4 31. Re1 hxg3 32. fxg3 Bf6 33. Qa4 Qc7 34. f4 Kg7 35. Qd1 Qd6 36. Qf3 Qb4 37. Qd1 Qd6 38. Re4 Qc5 39. Qe2 Rh8 40. Re5 Bxe5 41. Qxe5+ Qxe5 42. fxe5 Rh5 43. Rxd4 Rxe5 44. Ra4 Rexb5 45. Bxb5 1/2-1/2

[Event "Rasht op"]
[Site "Rasht"]
[Date "2015.08.16"]
[Round "4"]
[White "Karami, Mohammad"]
[Black "Kazemiyan Eski, Abolfazl"]
[Result "0-1"]
[WhiteElo "1826"]
[BlackElo "2155"]
[PlyCount "74"]
[EventDate "2015.08.14"]
[EventType "swiss"]
[EventRounds "11"]
[EventCountry "IRI"]
[SourceTitle "EXT 2016"]
[Source "ChessBase"]
[SourceDate "2015.10.08"]
[SourceVersion "1"]
[SourceVersionDate "2015.10.08"]
[SourceQuality "1"]

1. c4 Nf6 2. Nc3 d5 3. cxd5 Nxd5 4. Nf3 g6 5. g3 Bg7 6. Bg2 0-0 7. 0-0 c5 8. d4 Nc6 9. Nxd5 Qxd5 10. dxc5 Qxc5 11. Qa4 Be6 12. Qh4 h5 13. Ng5 Bg4 14. Ne4 Qb5 15. Bf3 Bxf3 16. exf3 Nd4 17. Kg2 Nxf3 18. Qf4 Nxh2 19. Re1 Ng4 20. f3 Ne5 21. Nc3 Qa5 22. Qe4 Nc6 23. Bd2 Rad8 24. Re2 e6 25. a3 Nd4 26. Rf2 b6 27. Rh1 Nb3 28. Be1 Nc5 29. Qc2 Nd3 30. b4 Qf5 31. Ne4 Nxf2 32. Bxf2 Qd5 33. Rh4 f5 34. Ng5 Bf6 35. Be3 Qd3 36. Qc1 Qe2+ 37. Kh3 Rd1 0-1